| 000 | 00829nam a2200265Ia 4500 | ||
|---|---|---|---|
| 003 | OSt | ||
| 005 | 20220928125022.0 | ||
| 006 | a|||||r|||| 00| 0 | ||
| 007 | ta | ||
| 008 | 220927b |||||||| |||| 00| 0 eng d | ||
| 020 | _c1590 | ||
| 024 | _a129594 | ||
| 037 |
_b296, 01/03/2016, Classic Book Service _cTextual |
||
| 040 |
_aSDCL _cSDCL _beng |
||
| 041 |
_2eng _aeng |
||
| 082 | _aD6,8(B2895), Q4;1-2 | ||
| 100 |
_aGroote Jan Friso _9467606 |
||
| 245 | 0 | _aModeling and analysis of communicating systems | |
| 260 |
_aDelhi _bPHI Learning _c2016 |
||
| 300 |
_axvi;376p. _ccm. |
||
| 650 | _aI I C | ||
| 700 |
_a Mousavi Mohammad Reza _9467607 |
||
| 942 |
_hD6,8(B2895), Q4;1-2 _cTEXL _2CC |
||
| 999 |
_c780482 _d780482 |
||